[Event "GER-chT U16 Girls"]
[Site "Neumuenster"]
[Date "2022.12.30"]
[Round "7"]
[White "Leuchsenring, Delia"]
[Black "Shapiro, Nina"]
[Result "1-0"]
[WhiteElo "1063"]
[BlackElo "1348"]
[PlyCount "93"]
[EventDate "2022.12.26"]
[EventType "team-swiss"]
[EventRounds "7"]
[EventCountry "GER"]
[SourceTitle "CBM 212 Extra"]
[Source "ChessBase"]
[SourceDate "2023.03.31"]
[SourceVersion "1"]
[SourceVersionDate "2023.03.31"]
[SourceQuality "1"]
[WhiteTeam "Oberkotzau"]
[BlackTeam "Walldorf"]
[WhiteTeamCountry "GER"]
[BlackTeamCountry "GER"]

1. e4 c5 2. c3 Nf6 3. e5 Nd5 4. d4 cxd4 5. cxd4 e6 6. Nf3 Nc6 7. Bd3 Be7 8. Nc3 Nb6 9. 0-0 d6 10. Re1 0-0 11. Qc2 h6 12. a3 Nd7 13. Bf4 dxe5 14. dxe5 a6 15. Qd2 h5 16. Rac1 Nc5 17. Bc2 Qxd2 18. Bxd2 Rd8 19. h3 b5 20. Ne4 Bb7 21. Nxc5 Bxc5 22. Be4 Nxe5 23. Bxb7 Nxf3+ 24. Bxf3 Bxf2+ 25. Kxf2 Rxd2+ 26. Ke3 Rad8 27. Red1 R8d3+ 28. Kf4 Rd4+ 29. Kg3 h4+ 30. Kh2 Rxd1 31. Rxd1 Rxd1 32. Bxd1 Kh7 33. b4 f5 34. Bf3 e5 35. Bb7 Kg8 36. Bxa6 Kf8 37. Bxb5 Ke7 38. a4 Kd6 39. a5 Kc7 40. a6 Kb6 41. Kg1 g5 42. Kf2 e4 43. Ke3 Kc7 44. Bc4 Kb6 45. b5 Ka7 46. Be6 f4+ 47. Kxe4 1-0

[Event "GER-chT U16 Girls"]
[Site "Neumuenster"]
[Date "2022.12.27"]
[Round "1"]
[White "Glotz, Diana"]
[Black "Shapiro, Nina"]
[Result "1-0"]
[WhiteElo "1166"]
[BlackElo "1348"]
[PlyCount "101"]
[EventDate "2022.12.26"]
[EventType "team-swiss"]
[EventRounds "7"]
[EventCountry "GER"]
[SourceTitle "CBM 212 Extra"]
[Source "ChessBase"]
[SourceDate "2023.03.31"]
[SourceVersion "1"]
[SourceVersionDate "2023.03.31"]
[SourceQuality "1"]
[WhiteTeam "Altenberg"]
[BlackTeam "Walldorf"]
[WhiteTeamCountry "GER"]
[BlackTeamCountry "GER"]

1. c4 Nf6 2. Nc3 g6 3. g3 Bg7 4. Bg2 0-0 5. e3 Nc6 6. Nge2 d6 7. d4 e5 8. 0-0 Re8 9. d5 Nb8 10. e4 Rf8 11. Be3 Ng4 12. Bd2 f5 13. f3 Nf6 14. Qc1 Bd7 15. f4 Nxe4 16. Nxe4 fxe4 17. Bxe4 Bg4 18. Rf2 Nd7 19. Be3 Qe7 20. Bg2 a6 21. Nc3 Rae8 22. h3 exf4 23. Bxf4 Nc5 24. Qd2 Bf5 25. Re2 Qd8 26. Rae1 Rxe2 27. Rxe2 Bd3 28. Re1 Bxc4 29. Bg5 Bf6 30. Bh6 Re8 31. Rxe8+ Qxe8 32. Qf4 Bxc3 33. bxc3 Bxa2 34. Qf2 Nd7 35. Qxa2 Qe1+ 36. Kh2 Qxc3 37. Bd2 Qe5 38. Qc2 Nc5 39. Bf4 Qf6 40. Qe2 Kf7 41. h4 a5 42. Bg5 Qe5 43. Qf3+ Qf5 44. Qe2 Qd7 45. Bh3 Qe8 46. Qf3+ Kg8 47. Bh6 Qf7 48. Qe2 b6 49. Be6 Nxe6 50. dxe6 Qf6 51. e7 1-0

[Event "GER-ch U12 Girls"]
[Site "Willingen"]
[Date "2018.05.25"]
[Round "9"]
[White "Mueller, Alina"]
[Black "Shapiro, Nina"]
[Result "0-1"]
[WhiteElo "1208"]
[BlackElo "1256"]
[PlyCount "58"]
[EventDate "2018.05.19"]
[EventType "swiss"]
[EventRounds "11"]
[EventCountry "GER"]
[SourceTitle "CBM 184 Extra"]
[Source "ChessBase"]
[SourceDate "2018.06.28"]
[SourceVersion "1"]
[SourceVersionDate "2018.06.28"]
[SourceQuality "1"]

1. d4 Nf6 2. Nf3 g6 3. e3 Bg7 4. b4 0-0 5. Nbd2 b6 6. Bb2 Bb7 7. Be2 d6 8. Rb1 Nbd7 9. 0-0 c5 10. a3 Re8 11. Bc4 h6 12. c3 e5 13. dxe5 dxe5 14. Qb3 Re7 15. Rbd1 Qc7 16. a4 Rb8 17. Ne1 Kf8 18. f4 exf4 19. exf4 Qc6 20. b5 Qc8 21. Nef3 Nh5 22. Nh4 Ndf6 23. Rde1 Rxe1 24. Rxe1 Qg4 25. Nhf3 Bxf3 26. Nxf3 Nxf4 27. g3 Qxf3 28. gxf4 Qxf4 29. Bxf7 Ng4 0-1

[Event "GER-ch U12 Girls"]
[Site "Willingen"]
[Date "2018.05.25"]
[Round "10"]
[White "Shapiro, Nina"]
[Black "Voigt, Anastasia"]
[Result "0-1"]
[WhiteElo "1256"]
[BlackElo "1281"]
[PlyCount "54"]
[EventDate "2018.05.19"]
[EventType "swiss"]
[EventRounds "11"]
[EventCountry "GER"]
[SourceTitle "CBM 184 Extra"]
[Source "ChessBase"]
[SourceDate "2018.06.28"]
[SourceVersion "1"]
[SourceVersionDate "2018.06.28"]
[SourceQuality "1"]

1. e4 e5 2. Bc4 Nf6 3. d3 c6 4. Nf3 d5 5. Bb3 Bd6 6. exd5 cxd5 7. 0-0 0-0 8. Nc3 Bc7 9. Re1 Nc6 10. Bg5 Be6 11. Bxf6 gxf6 12. Qd2 Ne7 13. h3 Ba5 14. Re2 d4 15. Bxe6 fxe6 16. Re4 dxc3 17. Rg4+ Kh8 18. Qh6 Nf5 19. Qc1 Rg8 20. Ra4 Qb6 21. bxc3 Qc7 22. Rb1 Bb6 23. Rc4 Qf7 24. Nh4 Ng3 25. Qh6 Nf5 26. Qd2 Qh5 27. Nf3 Qxf3 0-1

[Event "GER-ch U12 Girls"]
[Site "Willingen"]
[Date "2018.05.24"]
[Round "8"]
[White "Shapiro, Nina"]
[Black "Sinner, Joselyne"]
[Result "0-1"]
[WhiteElo "1256"]
[BlackElo "1410"]
[PlyCount "172"]
[EventDate "2018.05.19"]
[EventType "swiss"]
[EventRounds "11"]
[EventCountry "GER"]
[SourceTitle "CBM 184 Extra"]
[Source "ChessBase"]
[SourceDate "2018.06.28"]
[SourceVersion "1"]
[SourceVersionDate "2018.06.28"]
[SourceQuality "1"]

1. e4 e5 2. Bc4 Nf6 3. d3 d5 4. exd5 Nxd5 5. Nf3 Nc6 6. 0-0 Nb6 7. Bb3 Bg4 8. h3 Bh5 9. Re1 Bd6 10. c3 0-0 11. Nbd2 Re8 12. Qc2 Na5 13. g4 Nxb3 14. Qxb3 Bg6 15. Nc4 Nxc4 16. Qxc4 Qf6 17. Kg2 Qe7 18. Bg5 Qd7 19. Qd5 c6 20. Qb3 Bxd3 21. Rad1 e4 22. Nd4 c5 23. Nf5 c4 24. Nxd6 cxb3 25. Nxe8 Rxe8 26. axb3 Qd5 27. Bh4 Qxb3 28. Rxd3 Kf8 29. Rd2 f6 30. Bg3 Qb6 31. Re3 Qb5 32. Rde2 Qc6 33. h4 Kf7 34. Kh3 Qd5 35. f3 f5 36. gxf5 Qxf5+ 37. Kh2 exf3 38. Rxe8 fxe2 39. Rxe2 Qb5 40. Rf2+ Kg6 41. Kh3 Qd3 42. Kg4 Qd7+ 43. Kf4 Qf5+ 44. Ke3 Qg4 45. Rf3 Qe6+ 46. Kf4 Kf6 47. b4 h6 48. Rd3 Qc4+ 49. Ke3 Kf5 50. Kd2 Qe4 51. Re3 Qg2+ 52. Kd3 Kg4 53. Bb8 Qd5+ 54. Ke2 Qa2+ 55. Kd3 Kxh4 56. Re4+ Kh5 57. Re5+ Kg6 58. Ra5 Qb1+ 59. Kc4 Qf1+ 60. Kb3 a6 61. Rc5 h5 62. Rc7 Qf5 63. c4 Qf3+ 64. Ka4 h4 65. Re7 h3 66. Re6+ Kh5 67. Re5+ g5 68. c5 h2 69. Rxg5+ Kxg5 70. Bxh2 Qd1+ 71. Ka5 Qd3 72. Ka4 Qb5+ 73. Ka3 Kf5 74. Bc7 Ke4 75. Kb3 Kd4 76. Bd6 a5 77. c6 Qd5+ 78. Ka4 Qxd6 79. Kxa5 bxc6 80. Ka4 Kc4 81. Ka5 Qxb4+ 82. Ka6 Qb5+ 83. Ka7 Kd5 84. Ka8 Kd6 85. Ka7 Kc7 86. Ka8 Qb7# 0-1

[Event "GER-ch U12 Girls"]
[Site "Willingen"]
[Date "2018.05.23"]
[Round "7"]
[White "Gossing, Marie Sophie"]
[Black "Shapiro, Nina"]
[Result "0-1"]
[WhiteElo "1150"]
[BlackElo "1256"]
[PlyCount "142"]
[EventDate "2018.05.19"]
[EventType "swiss"]
[EventRounds "11"]
[EventCountry "GER"]
[SourceTitle "CBM 184 Extra"]
[Source "ChessBase"]
[SourceDate "2018.06.28"]
[SourceVersion "1"]
[SourceVersionDate "2018.06.28"]
[SourceQuality "1"]

1. e4 c5 2. d4 cxd4 3. c3 Nf6 4. e5 Nd5 5. cxd4 Nc6 6. Nf3 d6 7. Bb5 e6 8. 0-0 Be7 9. Qc2 Bd7 10. Nc3 Nxc3 11. Qxc3 0-0 12. Rd1 Qc8 13. Bf4 Nxe5 14. Qxc8 Raxc8 15. dxe5 Bxb5 16. exd6 Bf6 17. Rd2 Rfd8 18. Rad1 Rc4 19. Bg3 Kf8 20. h3 Ke8 21. b3 Rc3 22. Be5 Bxe5 23. Nxe5 f6 24. Nf3 Bc6 25. Ne1 Bd5 26. f4 Rxd6 27. f5 Ke7 28. Nc2 Rb6 29. fxe6 Bxe6 30. Re2 Kf7 31. Nd4 Rd6 32. Rde1 Rxd4 33. Rxe6 Rc7 34. R6e2 Rcd7 35. Kh2 Rd1 36. Rxd1 Rxd1 37. Rc2 Ke6 38. Rc7 Rd7 39. Rc2 a6 40. a4 Rd3 41. Rc7 Rd7 42. Rxd7 Kxd7 43. Kg3 Ke6 44. Kf3 b5 45. axb5 axb5 46. Ke3 Kd5 47. Kd3 b4 48. Ke3 f5 49. Kd3 g5 50. g3 f4 51. gxf4 gxf4 52. h4 f3 53. Ke3 f2 54. Kxf2 Kd4 55. Ke2 Kc3 56. Ke3 Kxb3 57. Kd2 Ka2 58. h5 b3 59. h6 b2 60. Kd3 b1Q+ 61. Kd4 Qf5 62. Kc4 Qd7 63. Kc5 Kb2 64. Kc4 Kc2 65. Kc5 Kd3 66. Kb6 Qc8 67. Kb5 Kd4 68. Kb6 Kd5 69. Kb5 Qc5+ 70. Ka6 Qb4 71. Ka7 Kc6 0-1

[Event "GER-ch U12 Girls"]
[Site "Willingen"]
[Date "2018.05.21"]
[Round "4"]
[White "Shapiro, Nina"]
[Black "Heckler, Florentine"]
[Result "1/2-1/2"]
[WhiteElo "1256"]
[BlackElo "1284"]
[PlyCount "56"]
[EventDate "2018.05.19"]
[EventType "swiss"]
[EventRounds "11"]
[EventCountry "GER"]
[SourceTitle "CBM 184 Extra"]
[Source "ChessBase"]
[SourceDate "2018.06.28"]
[SourceVersion "1"]
[SourceVersionDate "2018.06.28"]
[SourceQuality "1"]

1. e4 c5 2. c3 e5 3. Nf3 Nc6 4. d4 cxd4 5. cxd4 Bb4+ 6. Bd2 Qe7 7. a3 Bxd2+ 8. Qxd2 exd4 9. Qe2 Nf6 10. Nbd2 0-0 11. Nb3 Re8 12. e5 Ng4 13. Nbxd4 Ngxe5 14. Nxc6 bxc6 15. Qxe5 Qxe5+ 16. Nxe5 Rxe5+ 17. Kd2 Rd5+ 18. Ke3 Rb8 19. Bc4 Rd6 20. b4 Rg6 21. Rae1 Bb7 22. g3 d5 23. Bd3 Re6+ 24. Kd2 Rxe1 25. Rxe1 g6 26. Re7 Kf8 27. Rc7 Ke8 28. Ke3 Kf8 1/2-1/2

[Event "GER-ch U12 Girls"]
[Site "Willingen"]
[Date "2018.05.20"]
[Round "2"]
[White "Shapiro, Nina"]
[Black "Zoellner, Bente"]
[Result "0-1"]
[WhiteElo "1256"]
[BlackElo "1476"]
[PlyCount "68"]
[EventDate "2018.05.19"]
[EventType "swiss"]
[EventRounds "11"]
[EventCountry "GER"]
[SourceTitle "CBM 184 Extra"]
[Source "ChessBase"]
[SourceDate "2018.06.28"]
[SourceVersion "1"]
[SourceVersionDate "2018.06.28"]
[SourceQuality "1"]

1. e4 c5 2. Nf3 Nc6 3. d4 cxd4 4. Nxd4 Nf6 5. Nc3 g6 6. Be3 Bg7 7. f3 Qb6 8. Bb5 Nxe4 9. Bxc6 Nxc3 10. Bxd7+ Bxd7 11. bxc3 Rd8 12. Qc1 Qc5 13. Ne2 Bxc3+ 14. Nxc3 Qxc3+ 15. Bd2 Qe5+ 16. Be3 Bb5 17. Rb1 Qc3+ 18. Bd2 Qc4 19. Qd1 0-0 20. Rb4 Qe6+ 21. Kf2 Rd4 22. Re1 Qb6 23. Be3 Qd6 24. Qb1 a6 25. a4 Bc6 26. Bh6 Rd8 27. Qb2 f6 28. h3 g5 29. f4 Rd2+ 30. Kf1 Bxg2+ 31. Kg1 Qc5+ 32. Kh2 Be4+ 33. Kg3 Qf2+ 34. Kg4 Qf3# 0-1